000 00426nam a2200121Ia 4500
008 160712s9999 xx 000 0 und d
100 _aAbao, Frances Jane P.
245 _cFrances Jane P. Abao
_aFantasy and Heroism in "The Devil's Arithmetic"
260 _c2011
_bHumanities Diliman
300 _avol. 8 no. 1
650 _xHUMANITIES
856 _uhttp://journals.upd.edu.ph/index.php/humanitiesdiliman/issue/view/255/showToc
999 _c297578
_d297578